NYC Drill Rappers - Statistics

General Stats
  • This quiz has been taken 1,716 times
  • The average score is 16 of 49
Answer Stats
Picture Answer % Correct
Pop Smoke
96%
Kay Flock
78%
Dthang
77%
Lil Tjay
74%
C Blu
72%
Ice Spice
66%
Jenn Carter
66%
Kyle Richh
63%
DD Osama
59%
Notti Osama
51%
Fivio Foreign
49%
Sha Gz
46%
Sha EK
43%
Dougie B
41%
Sugarhill Ddot
39%
Sugarhill Keem
37%
Sheff G
36%
Murda B
34%
Sdot Go
34%
Sleepy Hallow
34%
Tata
33%
Set Da Trend
31%
Yus Gz
30%
B Lovee
29%
Ron Suno
28%
22gz
26%
Lee Drilly
25%
Dusty Locane
24%
Jay Hound
24%
Edot Babyy
22%
Kenzo Balla
22%
M Row
22%
Dee Billz
20%
Blockwork
17%
Cj Goon
16%
Say Drilly
15%
Bizzy Banks
13%
TG Crippy
13%
NazGPG
11%
Eli Fross
8%
Yagi B
8%
26 ar
7%
Rah Swish
7%
Mo Kartii
6%
CoachDaGhost
4%
OMB Jay Dee
4%
Kha Structure
3%
Ciggy Blacc
2%
Leeky G Bando
2%
No matching quizzes found
Score Distribution
Percent of People with Each Score
Percentile by Number Answered
Your Score History
You have not taken this quiz